000
00309nam a22001337a 4500
020
_a
978-93-5195-127-8
082
_a
001
_b
HAC/F
100
_a
HACHETTE
245
_a
YEARBOOK AND INFOPEDIA 2017
260
_a
GURGAON
_b
HACHETTE INDIA
_c
2016
300
_a
256
650
_a
GENERAL KNOWLEDGE
_z
INDIA
942
_c
BK
999
_c
6682
_d
6682